State Flowers Quiz Stats

 Plays Quiz Updated Jan 16, 2020

Support Sporcle.
Go Orange.
Score 0/51 Timer 10:00
0 Plays Today
State Flower % Correct
New YorkRose
93.8%
UtahSego Lily
60.7%
KansasSunflower
58.1%
OhioScarlet Carnation
46.3%
IllinoisPurple Violet
42.3%
New JerseyViolet
42%
Rhode IslandViolet
42%
LouisianaMagnolia
38.8%
MississippiMagnolia
38.8%
CaliforniaCalifornia Poppy
35.2%
TennesseeIris
34.1%
New HampshirePurple Lilac
32.2%
MarylandBlack-Eyed Susan
28.6%
HawaiiHawaiian Hibiscus
27.8%
AlaskaForget-me-Not
27.7%
ArkansasApple Blossom
26.7%
MichiganApple Blossom
26.7%
IndianaPeony
26.2%
TexasTexas Bluebonnet
25.4%
FloridaOrange Blossom
24.9%
DelawarePeach Blossom
23.4%
North DakotaWild Prairie Rose
22.2%
ColoradoRocky Mountain Columbine
21.4%
IowaWild Prairie Rose
21.4%
ConnecticutMountain Laurel
21.3%
PennsylvaniaMountain Laurel
21.3%
State Flower % Correct
GeorgiaCherokee Rose
21.2%
KentuckyGoldenrod
20.7%
NebraskaGoldenrod
20.7%
ArizonaSaguaro Cactus Blossom
20.5%
North CarolinaFlowering Dogwood
20.3%
District of Columbia (DC)American Beauty Rose
19.8%
West VirginiaRhododendron
19%
VirginiaFlowering Dogwood
18.9%
AlabamaCamellia
17.5%
WyomingIndian Paintbrush
17%
NevadaSagebrush
16.7%
MassachusettsMayflower
16.5%
WisconsinWood Violet
16.2%
New MexicoYucca Flower
16.1%
VermontRed Clover
15.5%
MaineWhite Pine Tassel and Cone
15.1%
WashingtonCoast Rhododendron
14.7%
OregonOregon Grape
14.6%
OklahomaMistletoe
14.5%
MissouriHawthorn
13.8%
MinnesotaPink and White Lady's Slipper
13.8%
MontanaBitterroot
13.5%
IdahoSyringa Mock Orange
13%
South CarolinaYellow Jessamine
12.3%
South DakotaPasque Flower
11.2%

From the Vault

What's My Name!?

by jdfulp

What's in a name? That which we call a rose. By any other name would smell as sweet.
Remove Ads.
Support Sporcle.
Get the best of Sporcle when you Go Orange. This ad-free experience offers more features, more stats, and more fun while also helping to support Sporcle. Thank you for becoming a member.

Show Comments

Extras

Top Quizzes Today


Score Distribution

Your Account Isn't Verified!

In order to create a playlist on Sporcle, you need to verify the email address you used during registration. Go to your Sporcle Settings to finish the process.

Report this User

Report this user for behavior that violates our Community Guidelines.

Details: